000 00507nam a2200229Ia 4500
003 OSt
005 20220924142511.0
006 a|||||r|||| 00| 0
007 ta
008 ASM
024 _a302241
037 _cTextual
040 _aARTS
_cARTS
_bASM
041 _2ASM
_aASM
082 _aR6xM88, 158L4
100 _aGoswami
245 0 _aJivner adarshbad
260 _c1974
650 _aPHILOSOPHY
942 _hR6xM88, 158L4
_cTEXL
_2CC
999 _c450971
_d450971